000 00802nam a2200229 a 4500
005 20160120062025.0
008 160120t2002 cl d fr|||| 000 0 spa d
020 _a9213220898
040 _aCO-BoIAVH
_cCO-BoIAVH
041 0 _aspa
044 _acl
082 0 4 _a657.862
_bC19c
100 1 _aCampodónico, Humberto
245 1 0 _aCaracterísticas de la inversión y del mercado mundial de la minería a principios de la década de 2000
260 _aSantiago de Chile :
_bComisión Económica para América Latina y el Caribe,
_c2002.
300 _a66 páginas :
_bGráficos ;
_c28 x 21 cm.
650 6 _aMinería
_xeconomía de producción.
650 6 _aIndustrias Mineras
650 4 _aMinería
_xDemanda
700 1 _aOrtiz, Georgina
942 _cLIBRO
_2ddc
999 _c5762
_d5762